Schindier's List / (Record no. 5018)
[ view plain ]
| 000 -LEADER | |
|---|---|
| fixed length control field | 00773nam a22002417a 4500 |
| 001 - CONTROL NUMBER | |
| control field | 5018 |
| 003 - CONTROL NUMBER IDENTIFIER | |
| control field | FISKH |
| 005 - DATE AND TIME OF LATEST TRANSACTION | |
| control field | 20241031160426.0 |
| 008 - FIXED-LENGTH DATA ELEMENTS--GENERAL INFORMATION | |
| fixed length control field | 241031b cb ||||| |||| 00| 0 eng d |
| 020 ## - INTERNATIONAL STANDARD BOOK NUMBER | |
| International Standard Book Number | 9780671880316 |
| 040 ## - CATALOGING SOURCE | |
| Original cataloging agency | FISKH |
| Language of cataloging | eng |
| Transcribing agency | FISKH |
| Modifying agency | FISKH |
| 050 ## - LIBRARY OF CONGRESS CALL NUMBER | |
| Classification number | PR9619.K46 |
| 082 ## - DEWEY DECIMAL CLASSIFICATION NUMBER | |
| Classification number | 823 |
| 100 ## - MAIN ENTRY--PERSONAL NAME | |
| Personal name | Keneally, Thomas |
| 245 ## - TITLE STATEMENT | |
| Title | Schindier's List / |
| Statement of responsibility, etc. | by Thomas Keneally |
| 260 ## - PUBLICATION, DISTRIBUTION, ETC. | |
| Place of publication, distribution, etc. | New York : |
| Name of publisher, distributor, etc. | Simon & Schuster ; |
| Date of publication, distribution, etc. | 1982 . |
| 300 ## - PHYSICAL DESCRIPTION | |
| Extent | 398 pages : |
| Other physical details | illustrations ; |
| Dimensions | 22 cm. |
| 520 ## - SUMMARY, ETC. | |
| Summary, etc. | The story of a man who took incredible risks and spent his considerable fortune to build a factory camp to protect Jews in World War II Germany. |
| 650 ## - SUBJECT ADDED ENTRY--TOPICAL TERM | |
| Topical term or geographic name entry element | Schindler |
| Form subdivision | fiction |
| 700 ## - ADDED ENTRY--PERSONAL NAME | |
| Personal name | Tim, Laing |
| Relator term | illustrator |
| 942 ## - ADDED ENTRY ELEMENTS (KOHA) | |
| Source of classification or shelving scheme | Dewey Decimal Classification |
| Koha item type | Books |
| Suppress in OPAC | No |
| Withdrawn status | Lost status | Source of classification or shelving scheme | Damaged status | Not for loan | Collection | Home library | Current library | Shelving location | Date acquired | Total Checkouts | Full call number | Barcode | Date last seen | Price effective from | Koha item type |
|---|---|---|---|---|---|---|---|---|---|---|---|---|---|---|---|
| Dewey Decimal Classification | Fiction | Footprints International School Library Network Toul Kork Campus | Footprints International School Library Network Toul Kork Campus | TTP Secondary Fiction Bookshelves | 10/31/2024 | KEN 823 PR9619.K46 | FISSE04431 | 10/31/2024 | 10/31/2024 | Books |
